000 00312nam a2200121Ia 4500
008 240731s9999 xx 000 0 und d
022 _a2053-9339
245 0 _aJournal of Aesthetics and Phenomenology
260 _bRoutledge
856 _uhttps://www.tandfonline.com/loi/rfap20
942 _2ddc
942 _cTFEJ
999 _c77409
_d77409
945 _a1
_bMadushi Gamage
_c1
_dMadushi Gamage